[Event "Karl Mala Memorial op 15th"]
[Site "Frankfurt"]
[Date "2012.07.07"]
[Round "4"]
[White "Atkins, David"]
[Black "Papadopoulos, Ioannis1111"]
[Result "1-0"]
[WhiteElo "1377"]
[BlackElo "985"]
[PlyCount "117"]
[EventDate "2012.07.05"]
[EventType "swiss"]
[EventRounds "7"]
[EventCountry "GER"]
[SourceTitle "CBM 149 Extra"]
[Source "ChessBase"]
[SourceDate "2012.08.24"]
[SourceVersion "1"]
[SourceVersionDate "2012.08.24"]
[SourceQuality "1"]

1. d4 d5 2. Nf3 Nf6 3. g3 e6 4. Bg2 Nc6 5. 0-0 Bd6 6. Nbd2 Bd7 7. c4 dxc4 8. Nxc4 Qe7 9. Nxd6+ Qxd6 10. Bf4 Qe7 11. Bxc7 0-0 12. Re1 Nd5 13. Be5 f6 14. Bf4 Nxf4 15. gxf4 Rad8 16. a3 Bc8 17. e3 e5 18. Rc1 Bg4 19. h3 Bxf3 20. Bxf3 exd4 21. exd4 Rxd4 22. Qxd4 Qxe1+ 23. Rxe1 Nxd4 24. Bxb7 a6 25. Kg2 Rb8 26. Re7 a5 27. Rc7 Ne2 28. f5 Nd4 29. Rc8+ Rxc8 30. Bxc8 a4 31. Bd7 Kf8 32. Bxa4 Nxf5 33. Bc2 Ne7 34. a4 h6 35. a5 Nc6 36. a6 Ke7 37. b4 Kd7 38. Ba4 Kc7 39. Bxc6 Kxc6 40. b5+ Kb6 41. Kf3 g6 42. Kf4 Ka7 43. Kg4 Kb6 44. f4 f5+ 45. Kg3 g5 46. Kf3 g4+ 47. hxg4 fxg4+ 48. Kxg4 Kxb5 49. a7 Kc5 50. a8Q Kb4 51. Qc8 h5+ 52. Kxh5 Ka4 53. Qb8 Ka5 54. f5 Ka6 55. f6 Ka5 56. f7 Ka4 57. f8R Ka5 58. Rf1 Ka6 59. Ra1# 1-0

[Event "Karl Mala Memorial op 15th"]
[Site "Frankfurt"]
[Date "2012.07.07"]
[Round "5"]
[White "Atkins, David"]
[Black "Woehl, Torsten"]
[Result "1-0"]
[WhiteElo "1377"]
[BlackElo "1659"]
[PlyCount "105"]
[EventDate "2012.07.05"]
[EventType "swiss"]
[EventRounds "7"]
[EventCountry "GER"]
[SourceTitle "CBM 149 Extra"]
[Source "ChessBase"]
[SourceDate "2012.08.24"]
[SourceVersion "1"]
[SourceVersionDate "2012.08.24"]
[SourceQuality "1"]

1. d4 e6 2. Nf3 d5 3. g3 c5 4. c3 Nc6 5. Bg2 Nf6 6. 0-0 Qb6 7. b3 Be7 8. Bb2 c4 9. Nbd2 Na5 10. Qc2 Qc7 11. Ne5 b5 12. e4 Bb7 13. b4 Nc6 14. Nxc6 Bxc6 15. e5 Ng4 16. Bh3 h5 17. Qd1 Nh6 18. Qxh5 0-0-0 19. Qe2 g6 20. f4 Nf5 21. Bxf5 gxf5 22. Rf2 Rdg8 23. Rg2 Rg6 24. g4 Rhg8 25. g5 Rh8 26. Kf2 Qd8 27. Nf3 Rh3 28. Rh1 Qh8 29. Rg3 Rh5 30. Qe3 Qh7 31. Kg2 Kb7 32. Ng1 Kb6 33. Rh3 a6 34. Qf3 Rh4 35. Ne2 Bxg5 36. fxg5 Rxg5+ 37. Rg3 Rhg4 38. h3 Rxg3+ 39. Nxg3 Qh4 40. Bc1 Rg6 41. Qf4 Qh5 42. Kf2 Qh7 43. h4 Rg4 44. Qh6 Qg8 45. Rg1 Rg6 46. Qe3 Rg4 47. Ne2 Rxg1 48. Nxg1 Qg6 49. Qg5 Qh7 50. Bf4 a5 51. a3 Qh8 52. h5 axb4 53. axb4 1-0

[Event "Dortmund Sparkassen op-B"]
[Site "Dortmund"]
[Date "2011.07.25"]
[Round "3"]
[White "Atkins, David"]
[Black "Wastian, Jan"]
[Result "0-1"]
[WhiteElo "1160"]
[BlackElo "1610"]
[PlyCount "94"]
[EventDate "2011.07.23"]
[EventType "swiss"]
[EventRounds "9"]
[EventCountry "GER"]
[SourceTitle "EXT 2013"]
[Source "ChessBase"]
[SourceDate "2012.11.22"]
[SourceVersion "1"]
[SourceVersionDate "2012.11.22"]
[SourceQuality "1"]

1. e4 c6 2. Nf3 d5 3. e5 Bf5 4. d4 e6 5. Bd3 Bxd3 6. Qxd3 Qb6 7. Qb3 Qxb3 8. axb3 c5 9. c3 Nc6 10. Be3 cxd4 11. Nxd4 a6 12. Nxc6 bxc6 13. c4 Bb4+ 14. Bd2 Bxd2+ 15. Nxd2 Ne7 16. Nf3 0-0 17. 0-0 Rfb8 18. cxd5 cxd5 19. Nd4 Rc8 20. Rfc1 Kf8 21. g4 Ke8 22. Rxc8+ Nxc8 23. Nb5 Kd7 24. Nd4 Nb6 25. f4 a5 26. Kf2 a4 27. bxa4 Rxa4 28. Rxa4 Nxa4 29. b3 Nc5 30. Ke3 Na6 31. f5 Nb8 32. fxe6+ fxe6 33. h4 Nc6 34. Nf3 Ke7 35. h5 h6 36. Kf4 Kf7 37. Ke3 Ke7 38. Kf4 Kf7 39. Nd2 Nb4 40. Nb1 Nd3+ 41. Ke3 Nxe5 42. Kf4 Kf6 43. b4 Nd3+ 44. Ke3 Nxb4 45. Nc3 Nc6 46. Kf3 Kg5 47. Ne2 e5 0-1